Précis de Droit International Privée / (Record no. 91062)

MARC details
000 -LEADER
campo de control de longitud fija 00457nam a2200157 i 4500
001 - NÚMERO DE CONTROL
campo de control 91062
003 - IDENTIFICADOR DE NÚMERO DE CONTROL
campo de control ES-MaACL
007 - CAMPO FIJO DE DESCRIPCIÓN FÍSICA--INFORMACIÓN GENERAL
campo de control de longitud fija t|
008 - DATOS DE LONGITUD FIJA--INFORMACIÓN GENERAL
campo de control de longitud fija 050126s1933 fr ||||1| fre d
100 1# - ENTRADA PRINCIPAL--NOMBRE DE PERSONA
Nombre de persona Lerebours-Pigeonnière, Paul.
9 (RLIN) 71755
245 10 - MENCIÓN DEL TÍTULO
Título Précis de Droit International Privée /
Mención de responsabilidad, etc. Paul Lerebours-Pigeonnière.
250 ## - MENCION DE EDICION
Mención de edición 2ème éd.
260 ## - PUBLICACIÓN, DISTRIBUCIÓN, ETC.
Lugar de publicación, distribución, etc. Paris :
Nombre del editor, distribuidor, etc. [s.n.,
Fecha de publicación, distribución, etc. 1933] (
Lugar de fabricación/manufactura Tours :
Fabricante Mame)
300 ## - DESCRIPCIÓN FÍSICA
Extensión 471 p. ;
Dimensiones 19 cm.
852 ## - LOCALIZACIÓN
Ubicación ES-MaACL
Número de control de estantería B-7790
Holdings
Estatus retirado Estado de pérdida Estado de daño No para préstamo Biblioteca de origen Biblioteca actual Ubicación en estantería Fecha de adquisición Fuente de adquisición Total de préstamos Signatura topográfica completa Código de barras Visto por última vez Precio de reemplazo Tipo de ítem Koha
        Biblioteca del Ateneo de Madrid Biblioteca del Ateneo de Madrid Sala Pardo Bazán 17/01/2008     B-7790 1095073 23/02/2023 23/02/2023 Libro impreso